000 00422nam a2200157 i 4500
001 71635
003 ES-MaACL
005 20230906171202.0
007 t|
008 040813s1926 fr ||||1| fre d
100 1 _aGeorges-Michel, Michel.
_956393
245 1 0 _aEn jardinant avec Bergson /
_cMichel Georges-Michel.
260 _aParis :
_bAlbin Michel,
_c1926.
300 _a349 p. ;
_c19 cm.
852 _aES-MaACL
_jA-2913
999 _c71635
_d71635